[Event "28th WSCC Open 50 2018"]
[Site "Bled"]
[Date "2018.11.22"]
[Round "5"]
[White "Fritsch, Rolf"]
[Black "Cummings, David H."]
[Result "0-1"]
[WhiteElo "2189"]
[BlackElo "2331"]
[Annotator "TA"]
[PlyCount "74"]
[EventDate "2018.11.17"]
[EventType "swiss"]
[EventCountry "SLO"]
[SourceTitle "playchess.com"]
[Source "ChessBase"]
[SourceQuality "1"]

{[%evp 19,74,-36,-11,-241,-234,-261,-251,-266,-254,-268,-263,-243,-243,-214,-124,-134,-113,-152,-68,-71,-75,-97,-39,-49,-47,-91,-80,-93,-81,-76,-75,-70,-83,-79,-50,-130,-120,-452,-453,-421,-416,-598,-604,-638,-638,-638,-637,-620,-631,-627,-609,-735,-710,-987,-959,-901,-879]} 1. d4 d5 2. Nf3 Nf6 3. Bg5 Nbd7 4. e3 e6 5. Nbd2 Be7 6. Bd3 c5 7. c3 b6 8. Ne5 Nxe5 9. dxe5 Nd7 10. Bf4 Bb7 {LiveBook: 7 Games. D03: 1 d4 d5 2 Nf3 Nf6 3 Bg5, including Torre Attack with early ...d5} (10... g5 $5 11. Bg3 $8 h5 $11) (10... Qc7 11. Nf3 Bb7 12. Qe2 h6 13. h4 O-O-O 14. O-O-O Kb8 15. Kb1 c4 16. Bc2 Nc5 17. Nd4 a6 18. h5 {0-1 (33) Lai,H (2392)-Brink,B (2309) Amsterdam 2017}) 11. Qg4 $2 {[#]} (11. h4 $11 {and White stays safe.}) 11... g5 $19 12. h4 {[%cal Rh4g5]} gxf4 $146 {Black has a decisive advantage.} ({Predecessor:} 12... h5 13. Qg3 gxf4 14. Qg7 Rf8 15. exf4 {0-1 (33) Dereshki,D-Oparin,G (2030) Kemer 2007}) 13. Qg7 Rf8 14. exf4 Qc7 ({Much less strong is} 14... Bxh4 15. Nf3 $17) 15. Bxh7 O-O-O 16. h5 Nb8 (16... d4 $19 {...c4 is the strong threat.} 17. Rh3 dxc3 18. Rxc3 Nb8) 17. h6 Qd7 18. f5 {With the idea f6.} exf5 (18... f6 $17 19. fxe6 Qxe6) 19. Rh5 $15 Qe8 20. Bxf5+ Nd7 ({Better is} 20... Kc7 $17 {Threatens to win with ...Rg8.} 21. h7 Rh8) 21. h7 Rh8 22. g4 Kc7 {White must now prevent ...Bf6.} 23. O-O-O Qf8 24. Qxf8 Nxf8 25. f4 Ng6 26. Rf1 Bc8 27. c4 {[#]} (27. Rh2 $15) 27... dxc4 $1 $17 28. Bxg6 $2 {[%mdl 8192]} (28. Ne4 $17 {is more resistant.}) 28... fxg6 $19 29. Rh6 Bxg4 30. Rxg6 (30. Rg1 $142 Bf8 31. Rxg6) 30... Bf5 {Black is clearly winning.} 31. Rg7 Rxh7 32. Rxh7 Bxh7 33. Rg1 {intending Rg7.} Bd3 34. Rg7 Kd7 35. Nf3 Ke6 36. Ng5+ Bxg5 37. Rxg5 Rd4 {Accuracy: White = 25%, Black = 56%.} 0-1

[Event "28th WSCC Open 50 2018"]
[Site "Bled"]
[Date "2018.11.22"]
[Round "5"]
[White "Gavrish, Leonid"]
[Black "Metz, Hartmut"]
[Result "0-1"]
[WhiteElo "2144"]
[BlackElo "2296"]
[Annotator "TA"]
[PlyCount "48"]
[EventDate "2018.11.17"]
[EventType "swiss"]
[EventCountry "SLO"]
[SourceTitle "playchess.com"]
[Source "ChessBase"]
[SourceQuality "1"]

{[%evp 22,48,23,7,34,9,10,8,15,14,30,-14,-7,-8,-2,-115,-101,-117,-104,-184,-185,-159,-178,-427,-443,-1154,-1182,-1156,-1169]} 1. d4 c6 2. c4 d5 3. cxd5 cxd5 4. Nc3 Nf6 5. Bf4 Nc6 6. e3 Bf5 7. Qb3 Na5 8. Qa4+ {D10: Slav Defence: 3 cxd5 (without early Nf3) and 3 Nc3} Bd7 9. Qc2 e6 10. Bd3 Be7 11. Nf3 Nc6 12. a3 {LiveBook: 53 Games} Rc8 13. O-O Nh5 14. Be5 f6 {[%cal Bf7f6,Bf6f5,Bf5g4][%mdl 32]} 15. Bg3 Nxg3 16. hxg3 f5 {[#]} 17. Rac1 $146 ({Predecessor:} 17. Rfc1) 17... O-O 18. g4 (18. Qb3 $11) 18... fxg4 $17 19. Bxh7+ Kh8 20. Ne5 (20. Nh2 $17 {was called for.}) 20... Nxe5 $19 21. dxe5 {[#]} g3 $1 $36 {[%mdl 2560] Black is on the roll.} 22. Bg6 $2 {[#]} (22. fxg3 Qc7 23. Qe2 Qxe5 24. Rxf8+ Rxf8 25. Bb1) 22... Bc5 $1 {Strongly threatening ...Qh4.Black is clearly winning.} 23. fxg3 (23. Qd1 $142 Qh4 24. Qh5+ Qxh5 25. Bxh5 gxf2+ 26. Rxf2 Bxe3 27. Rcf1) 23... Bxe3+ 24. Kh2 Qg5 {Precision: White = 21%, Black = 76%.} 0-1

[Event "28th WSCC Open 50 2018"]
[Site "Bled"]
[Date "2018.11.22"]
[Round "5"]
[White "Smolin, Sergey"]
[Black "Berend, Fred"]
[Result "0-1"]
[WhiteElo "2140"]
[BlackElo "2369"]
[Annotator "TA"]
[PlyCount "228"]
[EventDate "2018.11.17"]
[EventType "swiss"]
[EventCountry "SLO"]
[SourceTitle "playchess.com"]
[Source "ChessBase"]
[SourceQuality "1"]

{[%evp 13,228,-38,-25,-37,-13,-49,-21,-43,-36,-44,-20,-32,-25,-14,1,-54,-55,-50,-62,-64,29,10,45,8,19,-53,-33,-72,-71,-76,-68,-83,-50,-247,-239,-253,-237,-236,-35,-124,-68,-149,-148,-201,-216,-212,-185,-189,-67,-262,-250,-298,145,-45,-41,-54,-47,-58,-64,-56,-11,-11,-20,-40,-11,-14,-26,-65,-16,-48,0,0,7,-8,0,0,50,49,35,6,16,0,0,0,0,0,0,0,0,0,0,0,0,0,0,-57,-57,-55,-51,-51,-12,-12,-12,-12,-12,-12,-12,-12,-12,-52,-52,-52,-52,-52,-52,-52,-52,-52,-52,-52,-52,-52,-52,-52,-22,-52,-52,-52,-22,-22,-22,-22,-22,-22,-22,-22,-22,-22,-22,-22,-22,-22,-22,-169,-173,-173,-173,-173,-173,-173,-22,-22,-22,-173,-173,-173,0,-173,-92,-92,-92,-92,-22,-22,-22,-22,-22,-22,-22,-22,-22,-22,-22,-22,-22,-22,-22,-29,-30,-49,-52,-52,-37,-52,-59,-52,-52,-52,-52,-29964,-29966,-29966,-29967,-29967,-29968,-29972,-29971,-29969,-29969,-29969,-29970,-29970,-29967,-29971,-29971,-29974,-29973,-29972,-29974,-29974,-29975,-29975,-29976,-29975,-29976,-29970,-29965]} 1. e4 c5 2. Nc3 e6 3. g3 d5 4. Bg2 Nf6 5. d3 Nc6 6. Nge2 d4 {B24: Closed Sicilian: 3 g3 sidelines} (6... dxe4 7. dxe4 Qxd1+ 8. Nxd1 Nb4 9. Ne3 Ng4 10. Nxg4 Nxc2+ 11. Kd1 Nxa1 12. Nc3 Bd7 13. Ne5 b5 14. Nxd7 {1-0 (50) Vokac,M (2451)-Navara,D (2646) Pardubice 2008}) 7. Nb1 Be7 {LiveBook: 4 Games} 8. Nd2 Qc7 {Black is slightly better.} 9. O-O b6 $146 ({Predecessor:} 9... O-O 10. f4 b6 11. Nf3 Bb7 12. h3 Rfd8 13. g4 c4 14. f5 cxd3 15. cxd3 exf5 16. gxf5 Rac8 17. a3 Ba6 18. Bg5 h6 {½-½ (18) Stachowiak,K (2152)-Flasinski,M (2114) Laczna 2002}) 10. h3 Bb7 11. f4 O-O-O 12. a4 Ne8 $1 13. Nc4 f6 14. a5 (14. Bd2 $11) 14... b5 $1 $15 {[%cal Rb5c4]} 15. a6 Ba8 $1 16. Nd2 e5 (16... Qb6 $15) 17. Nf3 $11 Qb6 18. h4 Nc7 19. Bh3+ (19. fxe5 $11 fxe5 20. Ng5) 19... Kb8 $15 20. fxe5 fxe5 21. Bg5 Bf6 22. Qd2 Nb4 23. Nxe5 $2 (23. h5 $15) 23... Bxe5 $19 24. Bxd8 Rxd8 25. Rf5 Bd6 $2 (25... Qd6 $19 26. Nf4 Bc6) 26. Kh2 ({White should try} 26. Rf7 $15) 26... Nc6 (26... Re8 $17 27. Rf7 Be5) 27. Raf1 (27. Qg5 $1 $15) 27... Ne5 $17 (27... Nxa6 28. Rf7 $15) 28. Qg5 (28. Ng1 $17) 28... Ne6 $19 29. Qd2 Re8 (29... Qxa6 30. Rh5 $15) 30. Nf4 Nc7 (30... Qxa6 31. Nxe6 Rxe6 32. Rf8+ $1 {[%mdl 512]} Bxf8 33. Rxf8+ Kb7 34. Qg5 $16) ({Better is} 30... Nd8 $19 31. Nh5 Ne6) 31. h5 $2 (31. Nh5 $1 $15 g6 {[%mdl 64] Double Attack} 32. Rf6) 31... Bc6 (31... Nxa6 32. Rg5 $17) 32. h6 Bd7 $2 (32... gxh6 33. Ne2 $17) (32... g6 $19 33. Nxg6 hxg6) 33. Rxe5 $2 (33. hxg7 $16 Bxf5 34. exf5) 33... Bxe5 $15 34. Bxd7 Qxh6+ 35. Kg2 Rd8 36. Bg4 Qg5 (36... Nxa6 37. Rh1 $11) 37. Qe2 g6 38. Nh3 $1 {[%cal Rh3g5]} Qe7 39. Qd2 $1 h5 (39... Nxa6 $6 40. Qa5 $14) 40. Bd1 Rd6 41. Qg5 Qxg5 ({Black should play} 41... Qg7 $15) 42. Nxg5 $11 Rxa6 43. Nf7 Re6 44. g4 hxg4 45. Bxg4 Re8 46. Nxe5 Rxe5 $14 {[%mdl 4096] Endgame KRB-KRN} 47. Rf6 a5 48. Rxg6 a4 49. Bd7 Re7 50. Bc6 Ka7 51. Kf3 Rf7+ 52. Kg3 Rf1 53. e5 b4 54. Bg2 (54. Rf6 $1 $11 Ra1 55. Bg2) 54... a3 $15 55. bxa3 bxa3 56. Rc6 $1 {[%cal Rc6c7]} (56. Bxf1 $2 {perishes.} a2 $19) ({Avoid the trap} 56. Rg7 $2 Kb6 $19) 56... a2 57. Rxc7+ $11 {KRB-KR} Kb8 58. Rb7+ Kc8 59. Ra7 a1=Q 60. Rxa1 Rxa1 {KR-KB} 61. Bd5 Rf1 62. Kg4 Kd7 63. Bb3 Ke7 64. Kg5 Rf2 65. Kg4 Kf8 66. Kg3 Rf5 67. e6 $1 Ke7 68. Kg4 Kf6 69. Bc4 Rf1 70. Kg3 Kf5 71. Bb3 Re1 72. Kf2 Re3 {Threatens to win with ...Ke5.} 73. Bc4 Kf4 74. Bb3 Re5 75. Bc4 Rh5 {aiming for ...Re5.} 76. Kg2 Rh7 77. Bb3 Ke3 78. Kg3 (78. Ba2 $11) 78... Rg7+ $19 79. Kh4 Kf4 {[%cal Rg7h7]} 80. Kh3 Rg5 81. Bc4 Re5 $2 (81... Rg1 $19 82. Bd5 Rg3+ 83. Kh2 Rg7) 82. Kg2 $1 $11 Ke3 {White must now prevent ...Kf4.} 83. Kg3 $2 (83. Bb3 $11 {and White is okay.}) 83... Rg5+ $19 84. Kh4 Kf4 $2 (84... Rg8 $19 85. Kh5 Kf4) 85. Bb3 $2 (85. Kh3 $1 $11 {and White stays safe.}) 85... Re5 (85... Rg8 $19 {[%cal Rg8h8]} 86. Kh3 Ke5) 86. Kh3 $17 {[#]} Re2 $1 87. Bd5 {[#]} Kf5 ({Don't blunder} 87... Rxc2 $2 88. e7 $18) (87... Ke5 $1 $17 {[%cal Re5d5]} 88. Bb3 Re3+ 89. Kg4 Re1) 88. Kg3 $11 Re3+ 89. Kf2 Ke5 90. Bb3 Kd6 91. Bc4 Kc6 {Strongly threatening ...Kc7.} 92. Bb3 Kb5 93. Bd5 Re5 94. Bc4+ Kc6 {Hoping for ...Rf5+.} 95. Kf3 Kd6 {And now ...Re3+ would win.} 96. Kf4 Re2 97. Bb3 $1 Ke7 {...Kd6 is the strong threat.} 98. Kf5 Re1 99. Bc4 Kd6 100. Bb3 Rf1+ 101. Ke4 $2 {[%mdl 8192]} (101. Kg4 $15) 101... Rf2 {Black mates.} 102. e7 Re2+ 103. Kf5 Rxe7 104. Kf6 Re5 105. Bc4 Re2 106. Bb3 Rf2+ 107. Kg5 Ke5 108. Kg6 Rf1 109. Bc4 Rf6+ 110. Kg5 Rf2 111. Bb3 Rg2+ 112. Kh4 Kf4 {[%cal Rg2h2]} 113. Kh3 Rg7 114. Bd5 Ke3 {Accuracy: White = 43%, Black = 49%.} 0-1

[Event "28th WSCC Open 50 2018"]
[Site "Bled"]
[Date "2018.11.23"]
[Round "6"]
[White "Sturua, Zurab"]
[Black "Movsziszian, Karen"]
[Result "1/2-1/2"]
[WhiteElo "2529"]
[BlackElo "2513"]
[Annotator "TA"]
[PlyCount "84"]
[EventDate "2018.11.17"]
[EventType "swiss"]
[EventCountry "SLO"]
[SourceTitle "playchess.com"]
[Source "ChessBase"]
[SourceQuality "1"]

{[%evp 17,84,24,18,23,17,0,16,0,0,-7,14,-19,-20,-11,-22,-43,-47,-136,-126,-136,-128,-133,-143,-121,-75,-127,-117,-121,-123,-107,-117,-122,-59,-70,-50,-56,-56,-75,-16,-69,-58,-62,-58,-85,-49,-50,-40,-65,-64,-83,-34,-63,0,-85,0,-81,0,0,0,0,42,0,0,-91,-77,-152,-155,-145,5]} 1. d4 c5 2. e3 Nf6 3. Nf3 g6 4. c4 Bg7 5. Nc3 O-O 6. Be2 d6 7. O-O b6 8. b3 Bb7 9. Bb2 e6 10. Qc2 {E61: King's Indian: Early deviations for White, including Smyslov System} (10. dxc5 bxc5 11. Nb5 Ne8 12. Bxg7 Kxg7 13. Qc2 a6 14. Nc3 Nc6 15. Rad1 Qc7 16. Qb2 Kg8 17. Ng5 h6 {½-½ (79) Nakamura,H (2777)-Hou,Y (2658) chess.com INT 2018}) 10... Qe7 11. Rfd1 Nbd7 {[%cal Bb8d7,Bd7c5,Bc5e4][%mdl 32]} 12. Rd2 {The position is equal.} Rfd8 13. Rad1 Rac8 14. Qb1 a6 $146 15. h3 cxd4 16. Rxd4 Nc5 17. Ne1 (17. b4 $15 Nce4 18. Rc1) 17... Nfe4 $1 $17 18. Nxe4 Nxe4 19. Nf3 Bxd4 20. exd4 Ng5 21. Nh2 (21. Nxg5 $142 Qxg5 22. d5 $1 {[%mdl 512]}) 21... f5 22. Qd3 {[#]} b5 $1 23. Qe3 (23. cxb5 axb5) 23... bxc4 24. bxc4 h6 (24... a5 $17 25. Nf1 Ba6 {[%mdl 64] Decoy}) 25. d5 Re8 26. h4 Nf7 {And now ...exd5 would win.} 27. h5 g5 (27... exd5 $1 $17 28. hxg6 Ng5) 28. Qc3 ({Better is} 28. Qd3 $1 $11) 28... Ne5 {...Bxd5! is the strong threat.} 29. dxe6 $1 Qxe6 30. Qd4 Kh7 31. Nf1 Re7 32. Ng3 Rf7 {[%cal Re5c4]} 33. Qb6 Rc6 34. Qd4 Rc8 {[%cal Re5c4]} 35. Qb6 {[#]} Rd7 ({Much worse is} 35... Nxc4 $6 36. Bxc4 Qxc4 37. Rxd6 $11) (35... Bc6 $1 $17 {Threatens to win with ...Rb7.} 36. Bxe5 dxe5) 36. Qd4 (36. Bxe5 $1 $11 {remains equal.} Qxe5 37. Qb1) 36... g4 (36... Kg8 $17 37. Bc3 a5) 37. Qf4 $11 Rf7 {[%cal Re5c4]} 38. Rd4 Re8 39. Bf1 Qf6 40. Rd2 {[#]} (40. c5 $11 dxc5 41. Rd1) 40... Qg5 $1 $17 {[%cal Rg5f4]} 41. Qxg5 (41. Rd4 $142) 41... hxg5 42. Rxd6 Bc8 {Accuracy: White = 46%, Black = 45%.} (42... f4 $17 43. Bxe5 Rxe5 44. Bd3+ Kh8) 1/2-1/2

[Event "28th WSCC Open 50 2018"]
[Site "Bled"]
[Date "2018.11.23"]
[Round "6"]
[White "Bischoff, Klaus"]
[Black "Arakhamia-Grant, Ketevan"]
[Result "1/2-1/2"]
[WhiteElo "2507"]
[BlackElo "2373"]
[Annotator "TA"]
[PlyCount "46"]
[EventDate "2018.11.17"]
[EventType "swiss"]
[EventCountry "SLO"]
[SourceTitle "playchess.com"]
[Source "ChessBase"]
[SourceQuality "1"]

{[%evp 9,46,0,-1,-10,24,0,13,16,16,9,19,10,20,16,3,15,51,14,19,12,24,26,20,14,41,35,40,34,34,33,23,34,33,22,25,0,44,0,19]} 1. d4 Nf6 2. Nf3 g6 3. Nbd2 d5 4. e3 Bg7 5. Be2 c5 (5... b6) 6. c3 {D02: 1 d4 d5 2 Nf3 sidelines, including 2...Nf6 3 g3 and 2...Nf6 3 Bf4} cxd4 7. cxd4 O-O 8. b4 {[%cal Bb2b4,Bb4b5][%mdl 32]} Bf5 9. Bb2 $146 ({Predecessor:} 9. O-O Qb6 10. a3 Rc8 11. Ne1 {0-1 (29) Kucuksari,K (1981)-Dogan,N (2182) Paracin 2015}) 9... Nbd7 10. O-O Rc8 11. Qb3 Bc2 12. Qa3 Qb6 13. b5 Rfe8 14. Rfc1 Bf8 15. Bc3 e6 16. Bb4 Be4 17. Bxf8 Rxf8 18. Ng5 h6 19. Ngxe4 Nxe4 20. Nxe4 dxe4 21. Qe7 Qd8 22. Qa3 Qb6 23. Qe7 Qd8 {Accuracy: White = 52%, Black = 60%.} 1/2-1/2

[Event "28th WSCC Open 50 2018"]
[Site "Bled"]
[Date "2018.11.23"]
[Round "6"]
[White "Prie, Eric"]
[Black "Petran, Peter"]
[Result "1-0"]
[WhiteElo "2482"]
[BlackElo "2256"]
[Annotator "TA"]
[PlyCount "63"]
[EventDate "2018.11.17"]
[EventType "swiss"]
[EventCountry "SLO"]
[SourceTitle "playchess.com"]
[Source "ChessBase"]
[SourceQuality "1"]

{[%evp 14,63,59,35,71,57,81,48,53,65,74,68,89,71,106,117,114,114,123,137,134,118,104,81,206,190,217,200,191,155,207,183,185,195,179,171,298,208,345,181,417,420,422,443,635,635,599,595,6085,5577,1567,657]} 1. d4 g6 2. e4 c6 3. Nc3 Bg7 4. Nf3 b5 5. Bd3 d6 6. Be3 Nd7 7. Qd2 Qc7 8. O-O a6 {B06: Modern Defence} 9. a4 {[%cal Ra4b5]} Bb7 10. Rfe1 {[%cal Ra4b5]} b4 $1 {[%cal Rb4c3] White is slightly better.} 11. Ne2 a5 12. Ng3 h5 $146 ({Predecessor:} 12... e5 13. dxe5 Nxe5 14. Nxe5 dxe5 {1-0 (35) Pikula,D (2455)-Vujadinovic,G (2365) Tivat 1995}) 13. h3 $36 {[%mdl 2048] White is on the roll.} e6 14. c3 bxc3 15. bxc3 Ne7 16. Rab1 Ba6 17. Bxa6 Rxa6 18. Bg5 f6 (18... Rb6 $16 {was called for.}) 19. Be3 $18 h4 20. Nf1 {[%cal Bg3f1,Bf1d2,Bd2e4,Be4g5][%mdl 32]} Rb6 21. Qa2 d5 (21... Rxb1 $16 {is a better defense.} 22. Rxb1 Kf7) 22. N1d2 Kf7 23. Rxb6 Qxb6 24. c4 g5 (24... Rb8 {was worth a try.}) 25. exd5 exd5 {[#]} (25... cxd5 $142 26. Bxg5 Qc6 27. Bxh4 Rb8 28. cxd5 Nxd5) 26. c5 (26. Bxg5 $142 $1 {[%mdl 512]} Nf8 (26... fxg5 27. Nxg5+) 27. Bxh4) 26... Qa7 $2 (26... Qd8 27. Nb3 Nf8) 27. Ne4 (27. Bxg5 fxg5 28. Nxg5+ Kf8 $14) 27... Nf5 {[#]} 28. Bxg5 $1 {[%mdl 512] White is clearly winning.} fxg5 (28... Re8 $142 29. Nxh4 Kf8) 29. Nexg5+ Kg8 30. Qc2 Nh6 31. Re7 {Intending Qg6 and mate.} Kf8 {[#]} 32. Qe2 {Accuracy: White = 75%, Black = 37%.} (32. Qg6 $142 $1 {[%mdl 512]} Kxe7 33. Qxg7+ {[%mdl 64] Double Attack} Ke8 34. Qxh8+ Nf8 35. Ne5) 1-0

[Event "28th WSCC Open 50 2018"]
[Site "Bled"]
[Date "2018.11.23"]
[Round "6"]
[White "Arkell, Keith C"]
[Black "Danielsen, Henrik"]
[Result "0-1"]
[WhiteElo "2443"]
[BlackElo "2504"]
[Annotator "TA"]
[PlyCount "126"]
[EventDate "2018.11.17"]
[EventType "swiss"]
[EventCountry "SLO"]
[SourceTitle "playchess.com"]
[Source "ChessBase"]
[SourceQuality "1"]

{[%evp 14,126,15,8,55,30,49,46,67,66,61,58,73,27,40,18,31,35,28,19,46,46,102,18,80,18,22,22,16,-132,-53,-50,-39,-132,-132,-132,-133,-132,-132,-132,-84,-82,-62,-68,-41,-61,-26,-79,-82,-80,-58,-76,-60,-88,-87,-104,-104,-119,-112,-132,-114,-110,-110,-127,-100,-305,-305,-336,-314,-292,-304,-347,-362,-352,-357,-671,-665,-664,-664,-635,-535,-606,-456,-909,-885,-854,-797,-2721,-2509,-1706,-1608,-1058,-809,-672,-631,-1666,-969,-1554,-696,-1372,-1800,-29983,-29984,-29984,-29985,-29985,-29976,-29979,-29980,-29980,-29981,-29975,-189,-29976,-29976]} 1. d4 d6 2. Nf3 g6 3. c4 Bg7 4. Nc3 e5 5. e4 Nc6 6. d5 Nd4 {A42: Modern Defence: Averbakh Variation} (6... Nce7 7. Be2 Nf6 8. O-O O-O 9. Ne1 Ne8 10. Be3 f5 11. f3 f4 12. Bf2 g5 13. c5 h5 14. a4 Rf6 15. a5 Rg6 16. Nb5 a6 17. cxd6 Nxd6 18. Nxd6 cxd6 19. Bb6 Qe8 20. Rc1 g4 21. Kh1 g3 22. Rc7 gxh2 23. Rf2 {1-0 (91) Ragger,M (2687)-Andriasian,Z (2594) Minsk 2015}) 7. Nxd4 exd4 8. Nb5 {LiveBook: 27 Games} Bd7 {The position is equal.} (8... Nf6 {keeps more tension.} 9. f3 O-O 10. Be2 Re8 11. Nxd4 Qe7) 9. Be2 $146 ({Predecessor:} 9. Nxd4 Qh4 10. Nf3 Qxe4+ 11. Be2 O-O-O 12. O-O Re8 13. Re1 Nf6 14. Be3 {1-0 (28) Szuhanek,R (2504)-Goric,E (2365) Borovo 2010}) 9... Bxb5 10. cxb5 Ne7 11. O-O O-O 12. Bd3 c5 13. bxc6 (13. dxc6 $5 bxc6 14. Bg5 $14) 13... bxc6 14. dxc6 Nxc6 15. Bc4 Rc8 16. b3 Qh4 17. f4 Rfe8 (17... Qe7 $14) 18. Qf3 (18. Bd2 $16) 18... Qe7 (18... d3 $1 $11 19. Rb1 Qe7) 19. Ba3 (19. Bd2 $1 $16) 19... Qxe4 $11 20. Qxe4 Rxe4 21. Bxd6 {[#]} (21. Rac1 $11 Ne7 22. Bxd6) 21... Rd8 ({Black should try} 21... d3 $1 $17 {[%mdl 512]} 22. Bxd3 Bd4+ 23. Kh1 Re6) 22. Bc5 $15 d3 $36 {[%cal Bd4d3,Bd3d2][%mdl 2080] Black has good play.} 23. Rad1 (23. Rae1 $15 Bd4+ 24. Bxd4 Rexd4 25. Rd1) 23... d2 $17 24. Bb5 {[#]} Nb4 $1 {[%cal Rb4a2]} 25. Bxb4 Rxb4 26. Bc4 Rb7 27. Rf3 Rbd7 28. Kf1 Bb2 29. Ke2 Bc1 30. Rd3 (30. Re3 $11 {remains equal.}) 30... Rxd3 31. Bxd3 {[%mdl 4096] Endgame KRB-KRB} Re8+ 32. Kf2 Kf8 33. Be2 Re7 34. h4 Ke8 35. h5 Kd7 36. hxg6 hxg6 37. Kf3 Kd6 38. b4 Kd5 39. Bb5 $2 (39. Rh1 $17 {was necessary.}) 39... Kd4 $19 40. Ba4 Kc3 41. b5 Kb4 42. Bb3 Kxb5 43. g4 a5 {[%cal Ba7a5,Ba5a4][%mdl 32]} 44. g5 $2 (44. Bc2) 44... a4 45. Bc2 Rc7 46. Be4 Kb4 47. Bd5 Kc3 48. Kf2 (48. Ke2 $142 Re7+ 49. Kf1) 48... Kd4 49. Bf3 Rc2 50. Ke2 Rxa2 51. Bc6 Ra3 52. Kf2 Kd3 53. Be8 Ke4 54. Bxf7 Kxf4 55. Bxg6 Kxg5 (55... Rh3 $142 56. Ke2 Re3+ 57. Kf2 Re5) 56. Rg1+ Kf4 57. Ke2 Re3+ 58. Kd1 a3 59. Bf7 Ke5 60. Rh1 Kd4 61. Kc2 Re1 62. Rh4+ Kc5 $2 (62... Ke5 {mates} 63. Bh5 Kd6 64. Ra4 Kc5 65. Ra7 Re4 66. Ra8 Re7 67. Kc3 Rc7 68. Bf3 Kb5+ 69. Kb3 Kc5 70. Kc3 Rg7 71. Be2 Re7 72. Bd1 Kb5 73. Rb8+ Kc6 74. Ra8 Kb5 75. Rb8+ Kc5 76. Ra8 Rh7 77. Ra5+ Kb6 78. Ra4 Rc7+ 79. Kb3 Bb2 80. Rb4+ Ka7 81. Ra4+ Kb8 82. Rb4+ Kc8 83. Rb5 Rc3+ 84. Ka2 Rd3 85. Rb6 Kc7 86. Rb5 Kc6 87. Rb8 Rd7 88. Kb3 Rd3+ 89. Ka2 Rd5 90. Ra8 Kb7 91. Re8 Kc7 92. Re3 Kb6 93. Rh3 Rd4 94. Rh5 Kc6 95. Ra5 Rd3 96. Ra8 Kc7 97. Ra5 Kd6 98. Rf5 Ke6 99. Rf3 Rd8 100. Rh3 Rd4 101. Rh6+ Kd5 102. Rh8 Ke6 103. Rh6+ Ke5 104. Rh5+ Kd6 105. Rh8 Ke6 106. Rh6+) 63. Bh5 $2 {[#]} (63. Rc4+ $19 Kb5 64. Rd4) 63... Rh1 $1 {[%mdl 576] Promotion. Accuracy: White = 35%, Black = 60%.} 0-1

[Event "28th WSCC Open 50 2018"]
[Site "Bled"]
[Date "2018.11.23"]
[Round "6"]
[White "Bagaturov, Giorgi"]
[Black "Soffer, Ram"]
[Result "1-0"]
[WhiteElo "2417"]
[BlackElo "2472"]
[Annotator "TA"]
[PlyCount "119"]
[EventDate "2018.11.17"]
[EventType "swiss"]
[EventCountry "SLO"]
[SourceTitle "playchess.com"]
[Source "ChessBase"]
[SourceQuality "1"]

{[%evp 19,119,-22,-4,-14,0,-5,-6,4,10,-18,-36,-31,0,-8,-11,-8,21,12,27,22,52,52,49,42,49,49,54,40,35,44,52,22,18,5,143,150,135,133,142,130,152,139,166,166,150,122,171,125,110,102,152,108,114,64,68,70,122,114,115,93,94,74,193,186,775,466,1408,1370,969,960,764,759,759,173,173,173,174,150,150,151,5530,5539,974,151,175,172,174,170,174,174,29974,29975,29972,29974,29969,12229,4281,2231,29994,29995,29995,29996]} 1. c4 e5 2. Nc3 Nf6 3. Nf3 Nc6 4. a3 g6 5. g3 Bg7 6. Bg2 O-O 7. O-O d6 8. d3 Nd4 9. Nd2 {A26: English Opening vs King's Indian with ...Nc6 and d3} (9. Ne1 c6 10. b4 Re8 11. e3 Ne6 12. Bb2 h5 13. Nf3 Bd7 14. Rc1 Rc8 15. c5 Nf8 16. cxd6 Bg4 {½-½ (81) Caruana,F (2822)-Aronian,L (2767) Saint Louis 2018}) 9... c6 10. e3 Ne6 {LiveBook: 5 Games} 11. b4 {The position is equal.} d5 $146 ({Predecessor:} 11... Ng5 12. Bb2 Bh3 13. Bxh3 Nxh3+ 14. Kg2 Qd7 15. Nde4 Nxe4 16. dxe4 Ng5 {½-½ (33) Troger,D (2146)-Goncharenko,G (2498) ICCF email 2011}) 12. Bb2 d4 13. exd4 $1 Nxd4 14. Nce4 Nxe4 15. Nxe4 Bf5 16. c5 Bxe4 17. dxe4 Qd7 (17... a5 {seems wilder.} 18. Rb1 axb4 19. axb4 Ra2 20. Qd3 Qd7) 18. Bxd4 exd4 19. Qd3 f5 20. Bh3 Qf7 21. exf5 gxf5 22. Rfe1 a5 23. Rab1 axb4 24. axb4 Kh8 25. Re2 f4 26. Rbe1 Rae8 {[#]} (26... Qg6 $11 27. Qxg6 hxg6) 27. Rxe8 $1 $16 Rxe8 28. Rxe8+ Qxe8 29. Qf5 fxg3 30. hxg3 Qe7 31. Bf1 Bf6 32. Bd3 Kg8 33. Kg2 Qf7 34. Be4 Kf8 35. Qc8+ Qe8 36. Qg4 Qf7 37. Qf5 h6 (37... h5 $14) 38. Bf3 Bg5 39. Qe4 Qd7 40. Be2 Bd2 (40... Qd5 $16 41. Qxd5 cxd5) 41. Bc4 $18 {And now f4 would win.} Bxb4 $2 (41... Bg5 42. Qg6 d3) 42. Be6 Qg7 (42... Qe7 $142 43. Qe5 Qd8) 43. Qf4+ Ke7 44. Qd6+ $1 Ke8 45. Qb8+ Ke7 46. Qxb7+ $2 (46. Bb3 {White wants to mate with Qc7+.} Qg6 47. Qxb7+ Kd8 48. Qxb4) 46... Kf6 47. Qxc6 {Intending Bd7+ and mate.} ({Don't take} 47. Qxb4 $6 Kxe6 48. Qc4+ Kf5 $16) 47... Qe7 48. Bc4+ Kg7 49. Bd3 {Strongly threatening Qg6+.} Bxc5 $2 (49... Qxc5 $16 50. Qd7+ Kf6) 50. Qg6+ Kf8 51. Qxh6+ $2 (51. Bc4 $18 {[%csl Gc4][%cal Rg6g8] and the rest is easy.} Qb7+ 52. f3 Qb2+ 53. Kh3) 51... Qg7 52. Qe6 Qb7+ 53. Be4 Qe7 54. Qf5+ Kg7 $2 {[#]} (54... Ke8 $18 55. Qc8+ Kf7) 55. Qg6+ $1 Kf8 56. Bd5 {[%csl Gd5][%cal Rg6g8]} Qg7 57. Qf5+ (57. Qe6 $142 d3 58. Qc8+ {[%mdl 64] Double Attack} Ke7 59. Qc7+ Kf6 60. Qxc5 Qe7 61. Qd4+ Qe5 62. Qxd3) 57... Ke7 58. Qc8 Ba7 59. Qc7+ Kf6 60. Qd6+ {Accuracy: White = 57%, Black = 36%.} 1-0